| 000 | 00752nam a22002057a 4500 | ||
|---|---|---|---|
| 999 |
_c13305 _d13305 |
||
| 003 | AR-CdUCM | ||
| 008 | 190411b ||||| |||| 00| 0 spa d | ||
| 040 |
_aMUNICIPALIDAD PROVINCIAL DEL CUSCO _cBIBLIOTECA MUNICIPAL DEL CUSCO |
||
| 082 |
_aC / 346.207 / _bL67 |
||
| 100 |
_aLinares, Octavio _931654 |
||
| 245 | _aPrograma razonado del curso de derecho de familia / | ||
| 260 |
_aCuzco : _bH. G. Rozas, _c1959. |
||
| 300 |
_a270 páginas ; _bFotografía, _c21 cm. |
||
| 500 | _aDedicatoria | ||
| 505 | _aContenido: Generalidades -- El matrimonio -- Fin del matrimonio -- Instituciones de protección familiar y social ... | ||
| 650 |
_aDerecho de familia _919034 |
||
| 650 |
_aMatrimonio _916386 |
||
| 942 |
_2ddc _cLIBROS |
||
| 945 |
_aacv _d2019-04-11 |
||